000 00465nam a2200193Ia 4500
005 20240823052644.0
008 240823s9999||||xx |||||||||||||| ||und||
020 _a978-81-9095848-0-8
041 _aENGLISH
082 _A418 Q3
100 _aSokkalingam S R M
245 4 _aThe Artr of Speaking English
250 _a2nd
260 _c2013
_bVersatile Publishing
500 _aYES
650 _aSpeaking English
_bGeneral
942 _cBK
999 _c222381
_d222381